Statistiques concernant Pays les plus proches de l'Allemagne

Cliquez ici pour prendre le quiz!

Statistiques générales

  • Ce quiz a été pris 879 fois
  • Le résultat moyen est 18 sur 20

Statistiques - réponses

kmpays% Correct
0France
99%
0Pologne
98%
0Belgique
97%
0Pays-Bas
97%
0Suisse
96%
0Autriche
95%
0Danemark
94%
0Luxembourg
94%
45Italie
92%
0Tchèquie
92%
72Suède
89%
221Hongrie
88%
33Liechtenstein
88%
327Norvège
87%
224Slovaquie
87%
118Slovénie
86%
295Royaume-Uni
78%
222Croatie
76%
357Russie
67%
331Bosnie-Herzégovine
56%

Distribution des résultats

Percentile par nombre de réponses

% des personnes avec chaque résultat

Votre développement - résultats

Vous n’avez pas pris ce quiz